THEORY AND PROBLEMS OF COMPLEX VARIABLES (Record no. 583846)

000 -LEADER
fixed length control field 00334nam a22001337a 4500
020 ## - INTERNATIONAL STANDARD BOOK NUMBER
International Standard Book Number 07-060230-1
082 ## - DEWEY DECIMAL CLASSIFICATION NUMBER
Classification number 501.9 SPI
100 ## - MAIN ENTRY--PERSONAL NAME
Personal name SPIEGEL, MURRAY P
9 (RLIN) 77483
245 ## - TITLE STATEMENT
Title THEORY AND PROBLEMS OF COMPLEX VARIABLES
260 ## - PUBLICATION, DISTRIBUTION, ETC.
Place of publication, distribution, etc. NEW YORK
Name of publisher, distributor, etc. MCGRAW HILL
Date of publication, distribution, etc. 1964
300 ## - PHYSICAL DESCRIPTION
Extent 313P
650 ## - SUBJECT ADDED ENTRY--TOPICAL TERM
Topical term or geographic name entry element COMPLEX VARIABLES
9 (RLIN) 78761
942 ## - ADDED ENTRY ELEMENTS (KOHA)
Koha item type Book
Holdings
Withdrawn status Lost status Damaged status Not for loan Permanent Location Current Location Shelving location Date acquired Total Checkouts Full call number Barcode Date last seen Price effective from Koha item type
        College of Electrical & Mechanical Engineering (CEME) College of Electrical & Mechanical Engineering (CEME) General Stacks 06/20/2017   501.9 SPI CEME-7958 06/28/2021 06/28/2021 Book
© 2023 Central Library, National University of Sciences and Technology. All Rights Reserved.